logo

Bir Sreshtho Munshi Abdur Rouf Library
Jhenaidah Cadet College

Starlight : (Record no. 13736)

MARC details
000 -LEADER
fixed length control field 00695nam a2200229 a 4500
001 - CONTROL NUMBER
JCCL Control Number 13736
003 - CONTROL NUMBER IDENTIFIER
JCCL marc code BD-JhCC
005 - DATE AND TIME OF LATEST TRANSACTION
control field 20240320100448.0
008 - FIXED-LENGTH DATA ELEMENTS--GENERAL INFORMATION
fixed length control field 240319b2023 bg |||| ||a| 001 0 eng d
020 ## - INTERNATIONAL STANDARD BOOK NUMBER
International Standard Book Number 9789849717355
035 ## - SYSTEM CONTROL NUMBER
system control number (BD-JhCC)13736
040 ## - CATALOGING SOURCE
Original cataloging agency BD-JhCC
Modifying agency BD-JhCC
041 ## - LANGUAGE CODE
Language code of Book English
082 ## - DEWEY DECIMAL CLASSIFICATION NUMBER
Classification number 920.054
Author mark and Year AHS 2023
100 ## - MAIN ENTRY--PERSONAL NAME
Personal name Ahsan,Syed Badrul
245 ## - TITLE STATEMENT
Title Starlight :
Remainder of title Narratives of Bengali Pride /
Statement of responsibility, etc Syed Badrul Ahsan.
260 ## - PUBLICATION, DISTRIBUTION, ETC. (IMPRINT)
Place of publication, distribution, etc Dhaka:
Name of publisher, distributor, etc Kathaprokash;
Date of publication, distribution, etc 2023.
300 ## - PHYSICAL DESCRIPTION
Pagination 176 p. :
Dimensions 24 cm.
Other physical details ill;
650 ## - SUBJECT ADDED ENTRY--TOPICAL TERM
Topical term or geographic name as entry element Bangladesh
Form subdivision Bengali (Peuple d'Asie méridionale)
General subdivision Bangladesh Biographies
Geographic subdivision Celebrities Bangladesh Biography
942 ## - ADDED ENTRY ELEMENTS (KOHA)
Source of classification or shelving scheme Dewey Decimal Classification
Koha item type Books
Holdings
Source of classification or shelving scheme Damaged status Not for loan Home library Current library Shelving location Date of accession Cost, normal purchase price Total Checkouts Full call number Barcode Date last seen Copy number Method of acquisition Koha item type Currency
Dewey Decimal Classification     JCC Rouf Library JCC Rouf Library General Stacks   400.00   920.054 AHS 2023 18905 03/20/2024 C-1 Purchase Books BDT
Dewey Decimal Classification     JCC Rouf Library JCC Rouf Library General Stacks   400.00   920.054 AHS 2023 18906 03/20/2024 C-2 Purchase Books BDT

JCC Library | Contacts | JCC Home

Last Update on 23 September 2017
Copyright @ 2017-2020 JCC Rouf Library
Rouf Library, Jhenidah Cadet College (JCC), Bangladesh